| 000 | 00601cam a2200181 a 4500 | ||
|---|---|---|---|
| 001 | 1017305 | ||
| 005 | 20240130045357.0 | ||
| 008 | 880707s1987 ii b 000 0 eng | ||
| 020 | _a0195626168 | ||
| 040 |
_aDLC _cDLC _dDLC |
||
| 082 | 0 | 0 |
_a954 _220 _bBER. |
| 100 | 1 | _aCohn, Bernard S., | |
| 245 | 1 | 3 |
_aAn anthropologist among the historians and other essays / _cBernard S. Cohn ; with an introduction by Ranajit Guha. |
| 260 |
_aDelhi ; _aNew York : _bOxford University Press, _c1987. |
||
| 300 | _axxvi, 682 p. ; | ||
| 856 | 4 | 2 | _uhttp://www.loc.gov/catdir/enhancements/fy0639/87900035-d.html |
| 942 | _cL | ||
| 999 |
_c238 _d238 |
||